| 000 | 00689nam a22002297a 4500 | ||
|---|---|---|---|
| 005 | 20170124110146.0 | ||
| 010 | _aB-227442 | ||
| 020 |
_c00.00 _a8189000454 |
||
| 035 | _aB-227442 | ||
| 037 | _bCen Lib/Ret | ||
| 040 |
_aDPL _bEN |
||
| 082 |
_a616.8 _bHAR |
||
| 100 |
_aHarshita Singh _933360 |
||
| 245 |
_aNeuro Science / _cby Harshita Singh |
||
| 260 |
_aNew Delhi _bVishvabharti Publications _c2005 |
||
| 270 |
_a4378/4B Ansari Road, Daryaganj _bNew Delhi _e110002 |
||
| 300 |
_a433p. _c22cm(Hb) |
||
| 500 | _aIncludes bibliographical references and index | ||
| 650 |
_aNeurophysiology _933361 |
||
| 650 |
_aNeurology _933362 |
||
| 942 |
_2ddc _cEN _h616.8 _mHAR |
||
| 999 |
_c131971 _d131971 |
||